000
00215nam a22000857a 4500
008
170112b xxu||||| |||| 00| 0 eng d
100
_9
2360
_a
Shrimala.D.S.
245
_a
Learnwell Science-4
260
_a
New Delhi
_b
HFI
_c
2011
999
_c
5331
_d
5331